000 00519nam a2200181Ia 4500
005 20250508154627.0
008 008 250505s9999 xx 000 0 eng d
037 _aReference
040 _aFEDL
_beng
_cFEDL
041 _aeng
_2eng
084 _a603, DIC
_qFEDL
100 _aCrispin Frederic Swing
_9765767
245 0 _aDictionary of technical terms
260 _aCalcutta, India
_bOxford and IBH Publishing Co.
_c1964
300 _avi,455p.
942 _cREF
_h603, DIC
999 _c1351298
_d1351298